| 000 | 00635nam a22002052 4500 | ||
|---|---|---|---|
| 001 | 0000006336 | ||
| 005 | 20151217152016.0 | ||
| 008 | 071018s xx 000 0 eng d | ||
| 020 |
_a0631203193 : _cKES 2890 |
||
| 040 |
_aKABU _cKABU |
||
| 100 | 1 |
_aAronoff, Mark. _@0000157786 |
|
| 245 | 1 | 0 |
_aWhat is mophology? / _cMark Aronoff and Kirsten Fudeman. |
| 260 |
_aOxford : _bBlackwell, _c2005. |
||
| 300 | _axvii, 257 p. | ||
| 650 | 0 |
_aGrammar, Comparative and general _xMophology. _@0000157787 |
|
| 700 | 1 |
_aFudeman, Kristen Anne. _@0000157788 |
|
| 908 | _a071018 | ||
| 950 | _@1 | ||
| 999 |
_c7275 _d7275 |
||